Classement perpétuel de la Ligue des champions - Statistiques

Statistiques générales
  • Ce quiz a été pris 361 fois
  • Le résultat moyen est 38 sur 50
Statistiques - réponses
# Pays Victoires Club % Correct
2 Allemagne 166 Bayern München
100%
3 Espagne 164 FC Barcelona
100%
4 Angleterre 126 Manchester United
100%
1 Espagne 182 Real Madrid
100%
8 Italie 87 AC Milan
99%
12 Allemagne 68 Borussia Dortmund
99%
7 Portugal 96 FC Porto
99%
13 Italie 66 Inter
99%
5 Italie 110 Juventus
99%
14 Angleterre 64 Manchester City
99%
16 France 58 Olympique Lyon
99%
28 France 28 Olympique Marseille
99%
11 France 74 Paris Saint-Germain
99%
15 Pays-Bas 58 AFC Ajax
98%
6 Angleterre 101 Chelsea FC
98%
9 Angleterre 83 Arsenal FC
97%
10 Angleterre 80 Liverpool FC
97%
17 Espagne 52 Atlético Madrid
93%
19 Portugal 46 SL Benfica
93%
26 France 32 AS Monaco
88%
31 Espagne 25 Sevilla FC
85%
24 Pays-Bas 36 PSV Eindhoven
83%
18 Espagne 48 Valencia CF
81%
23 Italie 36 AS Roma
78%
27 Turquie 30 Galatasaray
78%
25 Ukraine 32 Dinamo Kiev
77%
32 Italie 25 SSC Napoli
77%
43 Écosse 18 Celtic FC
76%
40 Portugal 19 Sporting CP
75%
48 France 15 Girondins Bordeaux
70%
20 Grèce 40 Olympiakos Piraeus
70%
38 Italie 19 Lazio Roma
69%
35 Angleterre 23 Tottenham Hotspur
67%
45 Écosse 17 Rangers FC
65%
21 Allemagne 37 Bayer Leverkusen
64%
41 Russie 18 Zenit St. Petersburg
62%
44 Allemagne 18 RB Leipzig
61%
47 Belgique 17 RSC Anderlecht
60%
46 Belgique 17 Club Bruge KV
57%
22 Ukraine 36 Shakhtar Donetsk
51%
36 Russie 21 CSKA Moskva
50%
39 Suisse 19 FC Basel
50%
50 Turquie 14 Beşiktaş
49%
30 Allemagne 26 FC Schalke 04
44%
33 Grèce 23 Panathinaikos
38%
29 Russie 26 Spartak Moskva
38%
42 Allemagne 18 Werder Bremen
38%
34 Espagne 23 Deportivo La Coruña
34%
49 Tchéquie 14 AC Sparta Praha
32%
37 Norvège 20 Rosenborg BK
21%
Aucun quiz correspondant
Distribution des résultats
% des personnes avec chaque résultat
Percentile par nombre de réponses
Votre historique - résultats
Vous n’avez pas pris ce quiz